Advanced project management (Record no. 103624)
[ view plain ]
| 000 -LEADER | |
|---|---|
| fixed length control field | 01239cam a2200241 4500 |
| 001 - CONTROL NUMBER | |
| control field | L126520 |
| 008 - FIXED-LENGTH DATA ELEMENTS--GENERAL INFORMATION | |
| fixed length control field | 040621n2004 000 0 eng u |
| 020 ## - INTERNATIONAL STANDARD BOOK NUMBER | |
| International Standard Book Number | 0566078228 |
| 035 ## - SYSTEM CONTROL NUMBER | |
| System control number | (Sirsi) u126520 |
| 041 ## - LANGUAGE CODE | |
| Language code of text/sound track or separate title | eng |
| 050 ## - LIBRARY OF CONGRESS CALL NUMBER | |
| Classification number | 658.404 |
| -- | 22 |
| 100 ## - MAIN ENTRY--PERSONAL NAME | |
| Personal name | Harrison, Frederick |
| 245 ## - TITLE STATEMENT | |
| Title | Advanced project management |
| Remainder of title | a structured approach |
| 250 ## - EDITION STATEMENT | |
| Edition statement | 4th ed. |
| 260 ## - PUBLICATION, DISTRIBUTION, ETC. | |
| Place of publication, distribution, etc. | Aldershot |
| Name of publisher, distributor, etc. | Gower |
| Date of publication, distribution, etc. | 2004 |
| 300 ## - PHYSICAL DESCRIPTION | |
| Extent | xii, 315p. |
| Dimensions | 26cm. |
| 350 ## - PRICE (NR) (BK AM CF MU VM SE) [OBSOLETE] | |
| Price | 67.50 |
| 520 ## - SUMMARY, ETC. | |
| Summary, etc. | The fourth edition of this established text for managers and students reflects the changes in project management over the last 10 years. Part one introduces project management and associated disciplines. Part two focuses on project organisation. Part three deals with project planning, scheduling and control including resources and calendars, standard networks and templates, and risk. Part four concentrates on managing projects and covers: controlling progress and costs; earned value analysis; handling and reporting information; managing project changes; decentralised or centralised planning and control; people in projects; and conflict. Bibliography. |
| 690 ## - LOCAL SUBJECT ADDED ENTRY--TOPICAL TERM (OCLC, RLIN) | |
| Topical term or geographic name as entry element | Project management |
| 9 (RLIN) | 6261 |
| 700 ## - ADDED ENTRY--PERSONAL NAME | |
| Personal name | Lock, Dennis |
| 942 ## - ADDED ENTRY ELEMENTS (KOHA) | |
| Suppress in OPAC | 0 |
| Withdrawn status | Lost status | Source of classification or shelving scheme | Damaged status | Not for loan | Home library | Current library | Shelving location | Date acquired | Cost, normal purchase price | Total Checkouts | Full call number | Barcode | Date last seen | Date last checked out | Copy number | Cost, replacement price | Price effective from | Koha item type |
|---|---|---|---|---|---|---|---|---|---|---|---|---|---|---|---|---|---|---|
| Dewey Decimal Classification | London | London | Books | 14/07/2004 | 67.50 | 34 | 658.404 HAR | 30078687 | 06/08/2019 | 13/08/2009 | 1 | 67.50 | 06/08/2019 | Book |